000 00795nmc a2200313 a 4500
003 AR-BaBNM
005 20251128204613.0
008 258019s1996 ||||||||||||||000 | spa||
020 _a950-24-0597-8
040 _cAR-BaBNM
100 1 _aSukaczer, Verónica
245 1 0 _aSupertemas para chicos
_bperiodismo
250 _a1ª ed.
260 _aBuenos Aires
_bAlbatros
_c1996
300 0 _a127 p.
_bil.
490 0 _aTus maravillas
504 _aBibliografía p. 124
650 4 _aPERIODISMO
650 4 _aPERIODICOS
650 4 _aCOMUNICACION
650 4 _aPERIODISTAS
650 4 _aENTREVISTAS
650 4 _aACTIVIDADES DE APRENDIZAJE
650 4 _aACTIVIDADES EN GRUPO
650 4 _aCREATIVIDAD
653 _aACTIVIDADES EXTRAESCOLARES
942 _cBK
998 _cCarmen
999 _c8092
_d8092